Gold
| Main Author: | |
|---|---|
| Other Authors: | |
| Format: | Book |
| Published: |
Cambridge :
Polity Press ,
2021
|
| Subjects: |
MARC
| LEADER | 00000cam a2200000 7i4500 | ||
|---|---|---|---|
| 001 | 0000088094 | ||
| 005 | 20230125163933.0 | ||
| 008 | 220321 | ||
| 020 | |a 9781509534111 | ||
| 041 | 0 | |a English | |
| 090 | 0 | 0 | |a 338.2741 |b BLO |
| 100 | 1 | |a Bloomfield,Michael John | |
| 245 | 1 | 0 | |a Gold |c Michael John Bloomfield |
| 260 | |a Cambridge : |b Polity Press , |c 2021 | ||
| 300 | |a 193p. : |b ill., col. ; |c 21 cm. | ||
| 541 | |c Purchased on 2021 |f KPM/JI/132 |h RM98.70 | ||
| 650 | 0 | |a Gold | |
| 650 | 0 | |a Gold jewelry | |
| 700 | 0 | |a Title | |
| 999 | |a 0001677084 |b Book |c Adult Collection |e Perbadanan Perpustakaan Awam Johor | ||